تأثر مبادئ العقد عند حلول أزمة سياسة (رقم التسجيلة. 87555)

تفاصيل مارك
000 -الفاتح
عناصر البيانات ثابتة الطول 00843cam a2200205 i 4500
005 - تاريخ ووقت آخر معاملة
حقل ضبط 20260125114655.0
008 - عناصر البيانات ثابتة الطول
عناصر البيانات ثابتة الطول 250721s2002 jo gr 000 0 ara d
082 14 - رقم تصنيف ديوي العشري
رقم التصنيف 346.02
رقم المادة م ل ك
100 1# - مدخل رئيسي – اسم شخصي
الاسم الشخصي ملكاوي، بشار عدنان
علاقة الشخص بالعمل/ دوره مؤلف.
245 10 - بيان العنوان
العنوان تأثر مبادئ العقد عند حلول أزمة سياسة
بقية العنوان مثال الشرق الأوسط منذ 1945 /
بيان المسؤولية تأليف وترجمة الدكتور بشار عدنان ملكاوي.
250 ## - بيان الطبعة
بيان الطبعة الطبعة الأولى.
264 31 - بيانات النشر، التوزيع…إلخ
مكان النشر، التوزيع...إلخ عمان :
اسم الناشر، الموزع...إلخ المكتبة الفنية،
تاريخ النشر، التوزيع...إلخ 2002.
300 ## - الوصف المادي
عدد الوحدات المكونة للوعاء 352 صفحة.
500 ## - ملاحظات عامة
ملاحظات عامة رسالة دكتوراة في القانون المدني.
650 17 - مدخل إضافي بالموضوع - مصطلح موضوعي
مصطلح موضوعي أو اسم جغرافي كعنصر مدخل القانون الخاص.
650 17 - مدخل إضافي بالموضوع - مصطلح موضوعي
مصطلح موضوعي أو اسم جغرافي كعنصر مدخل العقود.
650 17 - مدخل إضافي بالموضوع - مصطلح موضوعي
مصطلح موضوعي أو اسم جغرافي كعنصر مدخل الظروف السياسية.
942 ## - بيانات إضافية (كوها)
نوع التنصيف Dewey Decimal Classification
نوع المادة (كوها) كتب
المقتنيات
حالة السحب حالة الفقدان مصدر التصنيف حالة التلف غير قابل للإعارة المكتبة الرئيسية المكتبة الحالية موقع الرف تاريخ التزويد الرقم المتسلسل Total Checkouts رقم الإستدعاء الباركود تاريخ آخر ظهور تاريخ الفاتورة نوع المادة (كوها)
    Dewey Decimal Classification     المكتبة المركزية المكتبة المركزية الإعارة 22/09/2016 1628423   346.02 / م ل ك PLD00395598 28/07/2025 22/09/2016 كتب
    Dewey Decimal Classification     مكتبة أبو علندا العامة مكتبة أبو علندا العامة الإعارة 20/08/2008 560538   346.02/ملك PLD00035970 28/07/2025 20/08/2008 كتب
    Dewey Decimal Classification     مكتبة أم قصير والمقابلين العامة مكتبة أم قصير والمقابلين العامة الإعارة 13/07/2004 560537   346.02/ملك 560537 28/07/2025 13/07/2004 كتب
    Dewey Decimal Classification     مكتبة الجويدة مكتبة الجويدة الإعارة 28/07/2025 560533   346.02/ملك 560533 28/07/2025 28/07/2025 كتب
    Dewey Decimal Classification     مكتبة الحسن العامة مكتبة الحسن العامة الإعارة 28/07/2025 560534   346.02/ملك 560534 28/07/2025 28/07/2025 كتب
    Dewey Decimal Classification     مكتبة النصر العامة مكتبة النصر العامة الإعارة 15/12/2014 560540   346.02/ملك PLD00312184 28/07/2025 15/12/2014 كتب
    Dewey Decimal Classification     مكتبة صويلح العامة مكتبة صويلح العامة الإعارة 16/04/2019 560530   346.02/ملك PLD00449736 28/07/2025 16/04/2019 كتب
Implemented & Customized by: BBB with SCIT (Smart Chains for Information Technology)

Powered by Koha